| 000 | 00532nam a2200157Ia 4500 | ||
|---|---|---|---|
| 003 | SGT | ||
| 020 | _a8187433221 | ||
| 082 |
_a629.23 _bNAK |
||
| 100 | _aNakra,C.P | ||
| 245 | _aBasic automobile engineering | ||
| 260 |
_bDhanpat Rai Publishing Company _aNew Delhi _c2011 |
||
| 300 | _a606p. | ||
| 650 | _aAUTOMOBILE ENGINEERING | ||
| 653 | _aGENERAL INTRODUCTION TO AUTOMOBILE, FRAME AND BODY,SUSPENSION SYSTEM, SHOCK ABSORBER, FRONT AXLE, STEERING SYSTEM, STEERING GEOMETRY, BRAKE SYSTEM, CLUTCH, GEARBOX ETC. | ||
| 942 |
_2ddc _cBK _04 |
||
| 999 |
_c5453 _d5453 |
||